Prvá čítanka a mluvnice pro katolické školy slovenské v císařství rakouském
| Format: | Book |
|---|---|
| Language: | Czech |
| PhysicalDescription: | 158 s. 17x10 cm |
| Published: |
Ve Vídni
V cís. král. skladě školkých knih
1860
|
MARC
| LEADER | 00000nam a22000005a 4500 | ||
|---|---|---|---|
| 001 | vtls010340981 | ||
| 003 | SK-MaSNL | ||
| 005 | 20260224035728.0 | ||
| 008 | 180810s1860 xr 000 0 cze | ||
| 020 | |q (viaz.) | ||
| 040 | |a SNK |b slo |c SNK |e AACR2 | ||
| 041 | 0 | |a cze | |
| 044 | |a xr |c CZ | ||
| 245 | 1 | 0 | |a Prvá čítanka a mluvnice pro katolické školy slovenské v císařství rakouském |
| 260 | |a Ve Vídni |b V cís. král. skladě školkých knih |c 1860 | ||
| 300 | |a 158 s. |c 17x10 cm | ||
| 852 | |a SNK |b SD 2372 D2 |p DK 3608/2012 | ||
| 958 | |a ONDV | ||
| 999 | |c 836821 |d 838751 | ||
| 952 | |a SNK |b SNK |y PREZ |7 0 |p 17A0877588 |o snkSD 2372 D2 |i snk2012/3608 |8 3 |g 100.00 |0 0 |1 0 |4 0 |d 2012-02-09 |l 0 |r 2026-02-24 03:57:28 |w 2026-02-24 | ||


